| 000 | 00420nam a2200181Ia 4500 | ||
|---|---|---|---|
| 001 | 772 | ||
| 005 | 20260306140542.0 | ||
| 008 | 260306t2001||||xx |||||||||||||| ||spa|| | ||
| 041 | _aESP | ||
| 082 |
_a160 _bT79 |
||
| 100 |
_aTrelles Montero, J. Óscar _eAUT |
||
| 245 | 0 | _aApuntes de lógica modal | |
| 260 | _c2001 | ||
| 300 |
_a235 páginas : _c20 cm. |
||
| 650 | _aGEN | ||
| 654 | _aCHU | ||
| 942 |
_cLIB _dJUS _fJUS _2ddc _n |
||
| 999 |
_c772 _d772 |
||